C.D.Field’s Law on Burden of proof / (Record no. 5804)

MARC details
000 -LEADER
fixed length control field 00591nam a22001937a 4500
008 - FIXED-LENGTH DATA ELEMENTS--GENERAL INFORMATION
fixed length control field 131030b xxu||||| |||| 00| 0 eng d
020 ## - INTERNATIONAL STANDARD BOOK NUMBER
International Standard Book Number 9-7893-8130-8110
082 ## - DEWEY DECIMAL CLASSIFICATION NUMBER
Edition number 21 ed.
Classification number 340
Item number PAS
100 ## - MAIN ENTRY--PERSONAL NAME
Personal name Revised by Pasayat, Arijit
245 ## - TITLE STATEMENT
Title C.D.Field’s Law on Burden of proof /
Statement of responsibility, etc Revised by Arijit Pasayat
250 ## - EDITION STATEMENT
Edition statement 3 ed.
260 ## - PUBLICATION, DISTRIBUTION, ETC. (IMPRINT)
Place of publication, distribution, etc Delhi Law House :
Name of publisher, distributor, etc Delhi
Date of publication, distribution, etc 2012
300 ## - PHYSICAL DESCRIPTION
Extent clxviii, 992 P. ;
Dimensions 25 cm.
500 ## - GENERAL NOTE
General note Includes Index
650 ## - SUBJECT ADDED ENTRY--TOPICAL TERM
Topical term or geographic name as entry element Law
650 ## - SUBJECT ADDED ENTRY--TOPICAL TERM
Topical term or geographic name as entry element Law on Burden of proof
650 ## - SUBJECT ADDED ENTRY--TOPICAL TERM
Topical term or geographic name as entry element C.D.Field’s Law on Burden of proof
942 ## - ADDED ENTRY ELEMENTS (KOHA)
Source of classification or shelving scheme Dewey Decimal Classification
Item type Books
Holdings
Withdrawn status Lost status Source of classification or shelving scheme Damaged status Not for loan Home library Current library Shelving location Date acquired Total Checkouts Full call number Barcode Date last seen Copy number Price effective from Koha item type Public note
    Dewey Decimal Classification     Law Development Centre Main Library Law Development Centre Main Library Text Books and Laws 10/30/2013   340 PAS 8060/2013 10/30/2013 1 10/30/2013 Books reserve